MARC details
| 000 -CABECERA |
| campo de control de longitud fija |
02794nam a2200433 a 4500 |
| 003 - IDENTIFICADOR DEL NÚMERO DE CONTROL |
| campo de control |
CHAP |
| 005 - FECHA Y HORA DE LA ÚLTIMA TRANSACCIÓN |
| campo de control |
20241126134658.0 |
| 007 - CAMPO FIJO DE DESCRIPCIÓN FÍSICA--INFORMACIÓN GENERAL |
| campo de control de longitud fija |
cr ||||||a|c|a |
| 008 - DATOS DE LONGITUD FIJA--INFORMACIÓN GENERAL |
| campo de control de longitud fija |
110114s2010 mx r 00010 spa d |
| 035 ## - NÚMERO DE CONTROL DEL SISTEMA |
| Número de control de sistema |
111911 |
| 040 ## - FUENTE DE LA CATALOGACIÓN |
| Centro/agencia transcriptor |
CHAP |
| 090 ## - LOCALMENTE ASIGNADO TIPO-LC NÚMERO DE CLASIFICACIÓN (OCLC); NÚMERO DE CLASIFICACIÓN LOCAL (RLIN) |
| Número de clasificación (OCLC) (R) ; Numero de clasificación, CALL (RLIN) (NR) |
Tesis |
| 100 1# - ENTRADA PRINCIPAL--NOMBRE DE PERSONA |
| Nombre de persona |
Salas Gutiérrez, José Cupertino. |
| 9 (RLIN) |
101307 |
| 245 10 - MENCIÓN DE TÍTULO |
| Título |
Diseño de un túnel de enfriamiento para una máquina formadora de palanquetas de amaranto con chocolate |
| Mención de responsabilidad, etc. |
/por José Cupertino Salas Gutiérrez; director Francisco Muñoz Gómez |
| 264 #1 - PRODUCCIÓN, PUBLICACIÓN, DISTRIBUCIÓN, FABRICACIÓN Y COPYRIGHT |
| Producción, publicación, distribución, fabricación y copyright |
Chapingo, Méx. : |
| Nombre del de productor, editor, distribuidor, fabricante |
El autor, |
| Fecha de producción, publicación, distribución, fabricación o copyright |
2010. |
| 300 ## - DESCRIPCIÓN FÍSICA |
| Extensión |
1 recurso en línea (97 páginas): |
| Otras características físicas |
cuadros, figuras. |
| 336 ## - TIPO DE CONTENIDO |
| Fuente |
rdacontent |
| Término de tipo de contenido |
texto |
| Código de tipo de contenido |
txt |
| 337 ## - TIPO DE MEDIO |
| Fuente |
rdamedia |
| Nombre/término del tipo de medio |
computadora |
| Código del tipo de medio |
c |
| 338 ## - TIPO DE SOPORTE |
| Fuente |
rdacarrier |
| Nombre/término del tipo de soporte |
recursos en línea |
| Código del tipo de soporte |
cr |
| 502 ## - NOTA DE TESIS |
| Nota de tesis |
Tesis (Ing. Mecánico Agrícola) -- UACH. Departamento de Ingeniería Mecánica Agrícola |
| Tipo de título |
Ingeniería Mecatrónica Agrícola |
| Nombre de la institución que otorga el título |
Departamento de Ingeniería Mecánica Agrícola, |
| Año de obtención del título |
2010 |
| Información miscelánea |
Licenciatura |
| 520 ## - SUMARIO, ETC. |
| Sumario, etc. |
Actualmente los principios de refrigeración no tienen límites de uso, una de las aplicaciones más comunes es la conservación de alimentos. Hoy en día se encuentran aplicaciones de la refrigeración en el hogar, el comercio, en la industria y en laboratorios, por lo que se puede decir que la refrigeración es una parte muy importante e indispensable en la vida moderna. Para el diseño del túnel de enfriamiento se aplicó la metodología general de diseño en donde se consideran las cargas totales de calor, generadas por las paredes del túnel de enfriamiento, las del producto y la ganancia de calor por cambios de aire, estos parámetros son de suma importancia para calcular la potencia del equipo de refrigeración. Se obtuvo como resultado que la potencia del equipo (unidad de condensación) debe ser de 2hp, que será suficiente para poder contrarrestar la carga total de calor. Se construyó un prototipo del túnel de enfriamiento con una unidad de condensación de ¾ de hp. Se logró disminuir la temperatura entre 0°C y 9°C recirculando el aire frío del túnel hacia el serpentín. |
| 650 14 - PUNTO DE ACCESO ADICIONAL DE MATERIA--TÉRMINO DE MATERIA |
| Término de materia o nombre geográfico como elemento de entrada |
Amaranto |
| Subdivisión general |
Procesado. |
| 9 (RLIN) |
5138 |
| 650 14 - PUNTO DE ACCESO ADICIONAL DE MATERIA--TÉRMINO DE MATERIA |
| Término de materia o nombre geográfico como elemento de entrada |
Maquinaria |
| Subdivisión general |
Diseño. |
| 9 (RLIN) |
71143 |
| 700 0# - PUNTO DE ACCESO ADICIONAL--NOMBRE DE PERSONA |
| Nombre de persona |
Muñoz Gómez, Francisco |
| 9 (RLIN) |
79600 |
| Término indicativo de función/relación |
Director de tesis. |
| 856 ## - LOCALIZACIÓN Y ACCESO ELECTRÓNICOS |
| Identificador Uniforme del Recurso |
http://10.13.5.2/tesis/111911.pdf |
| Nota pública |
DESCARGAR PDF |
| 942 ## - ELEMENTOS DE PUNTO DE ACCESO ADICIONAL (KOHA) |
| Tipo de ítem Koha |
Tesis digital |
| Fuente del sistema de clasificación o colocación |
Clasificación Universidad Autónoma Chapingo |
| 590 ## - NOTA LOCAL (RLIN) |
| Nota local |
ALEPH |
| Procedencia (VM) [OBSOLETO] |
10 |
| Condición del los carretes individuales (VM) [OBSOLETO] |
20130110 |
| 590 ## - NOTA LOCAL (RLIN) |
| Nota local |
BATCH-UPD |
| Procedencia (VM) [OBSOLETO] |
10 |
| Condición del los carretes individuales (VM) [OBSOLETO] |
20130110 |
| 590 ## - NOTA LOCAL (RLIN) |
| Nota local |
BATCH-UPD |
| Procedencia (VM) [OBSOLETO] |
10 |
| Condición del los carretes individuales (VM) [OBSOLETO] |
20130410 |
| 590 ## - NOTA LOCAL (RLIN) |
| Nota local |
BATCH-UPD |
| Procedencia (VM) [OBSOLETO] |
10 |
| Condición del los carretes individuales (VM) [OBSOLETO] |
20130914 |
| 590 ## - NOTA LOCAL (RLIN) |
| Nota local |
BATCH-UPD |
| Procedencia (VM) [OBSOLETO] |
10 |
| Condición del los carretes individuales (VM) [OBSOLETO] |
20140324 |
| 590 ## - NOTA LOCAL (RLIN) |
| Nota local |
BATCH-UPD |
| Procedencia (VM) [OBSOLETO] |
10 |
| Condición del los carretes individuales (VM) [OBSOLETO] |
20141002 |
| 590 ## - NOTA LOCAL (RLIN) |
| Nota local |
CONVERSION |
| Procedencia (VM) [OBSOLETO] |
10 |
| Condición del los carretes individuales (VM) [OBSOLETO] |
20130109 |
| 901 ## - ELEMENTOS DE DATOS A LOCAL LDA (RLIN) |
| a |
BK |
| 949 ## - PROCESAMIENTO DE INFORMACIÓN LOCAL (OCLC) |
| b |
BC |
| c |
TES |
| d |
33724002220025 |
| e |
TS1 |
| g |
DonaciØn |
| h |
51780 |
| i |
111911 |
| s |
b |
| 949 ## - PROCESAMIENTO DE INFORMACIÓN LOCAL (OCLC) |
| b |
BC |
| c |
TES |
| d |
33724002220314 |
| e |
TS2 |
| f |
c.2 |
| g |
DonaciØn |
| h |
51781 |
| i |
111911 |
| s |
b |